LIBRARY & INFORMATION CENTRE, KCAET, TAVANUR

ONLINE PUBLIC ACCESS CATALOGUE (OPAC)

Cocoa / (Record no. 10865)

MARC details
000 -LEADER
fixed length control field 00521cam a2200229ua 4500
041 ## - LANGUAGE CODE
Language code of text/sound track or separate title mal
082 ## - DEWEY DECIMAL CLASSIFICATION NUMBER
Classification number 633.74
Item number POT/CO
100 ## - MAIN ENTRY--AUTHOR NAME
Personal name Potti, V S .
245 ## - TITLE STATEMENT
Title Cocoa /
250 ## - EDITION STATEMENT
Edition statement 1 /
260 ## - PUBLICATION, DISTRIBUTION, ETC. (IMPRINT)
Place of publication Thrissur :
Name of publisher Kerala Agricultural University.
300 ## - PHYSICAL DESCRIPTION
Number of Pages 25 ; .
942 ## - ADDED ENTRY ELEMENTS (KOHA)
Koha item type Books
Holdings
Withdrawn status Lost status Damaged status Home library Current library Date acquired Full call number Accession Number Koha item type
      KAUAET KAUAET 07/04/2012 633.74 13842 Books
      KAUAET KAUAET 07/04/2012 633.74 13838 Books
      KAUAET KAUAET 07/04/2012 633.74 13841 Books
Withdrawn   Damaged KAUAET KAUAET 07/04/2012 633.74 13840 Books
Withdrawn     KAUAET KAUAET 07/04/2012 633.74 13839 Books
free website counter